| 000 | 00453nam a2200169 i 4500 | ||
|---|---|---|---|
| 001 | 88655 | ||
| 003 | ES-MaACL | ||
| 005 | 20230906175911.0 | ||
| 007 | t| | ||
| 008 | 050105s1965 sp ||||1| spa d | ||
| 100 | 1 |
_aLanda, Rubén. _969918 |
|
| 245 | 1 | 0 |
_aDon Vasco de Quiroga / _cRubén Landa. |
| 250 | _a[1ª ed.]. | ||
| 260 |
_aBarcelona, etc. : _bGrijalbo, _c1965. |
||
| 300 |
_a308 p., 12 lám. ; _c22 cm. |
||
| 852 |
_aES-MaACL _jC-28113 _bR.57480 |
||
| 999 |
_c88655 _d88655 |
||